| 000 | 00563nam a22002057a 4500 | ||
|---|---|---|---|
| 005 | 20251108173151.0 | ||
| 008 | 250721s2003 xx 000 0 ara d | ||
| 082 | 1 | 4 | _a618.1/ كحا |
| 100 | 1 | _aكحالة، محيي الدين | |
| 245 | 1 | 0 | _aالشفاء من العقم / |
| 264 | 1 |
_aعمان : _bدار عمار للنشر و التوزيع، _c2003. |
|
| 300 | _a152ص | ||
| 650 | 1 | 7 | _aأمراض النساء |
| 650 | 1 | 7 | _aالحمل |
| 650 | 1 | 7 | _aالعقم |
| 650 | 1 | 7 | _aالعلاج |
| 650 | 1 | 7 | _aالطب |
| 942 |
_2ddc _cBK |
||
| 999 |
_c97587 _d97587 |
||